000 01357cam a2200337 a 4500
001 1037076
003 ARRUPE
005 20150520165658.0
008 891020s1990 mau b 101 0 eng
010 _a 89029465
020 _a0262023016
040 _aDLC
_cDLC
_dDLC
050 0 0 _aQA803
_b.P55 1990
082 0 0 _a530/.01
_220
245 0 0 _aPhilosophical perspectives on Newtonian science /
_cedited by Phillip Bricker and R.I.G. Hughes.
260 _aCambridge, Mass. :
_bMIT Press,
_cc1990.
300 _avi, 248 p. ;
_c24 cm.
500 _a"A Bradford book."
500 _aPapers presented to a conference at Yale University, November 6th and 7th, 1987--Pref.
500 _a"Published under the auspices of the Center for the History and Philosophy of Science of the Johns Hopkins University."
504 _aIncludes bibliographical references and index.
600 1 0 _aNewton, Isaac,
_d1642-1727.
_tPrincipia
_vCongresses.
_917900
650 0 _aMechanics
_vCongresses.
_917901
650 0 _aCelestial mechanics
_vCongresses.
_917902
650 0 _aScience
_xPhilosophy
_xCongresses.
_914223
700 1 _aBricker, Phillip.
_917903
700 1 _aHughes, R. I. G.
_913632
906 _a7
_bcbc
_corignew
_d1
_eocip
_f19
_gy-gencatlg
942 _2lcc
_cMONOGRAPH
999 _c122862
_d122862